000
00304nam a2200121Ia 4500
008
190216s9999||||xx |||||||||||||| ||und||
100
_a
Subba Rao P
245
0
_a
Personnel And Human Resource Management
260
_b
Himalaya Publishing House
_c
2003
300
_a
477p
650
_a
Commerce
942
_c
BK
999
_c
6377
_d
6377